000 00981cam a2200241 a 4500
001 000006021
005 20200929151904.0
008 830310r1981 nq 001 0 spa
040 _aDO-SdBNP
_bspa
_cBNPHU
082 _a972.8505
_bB426c
100 1 _aBelausteguigoitia, Ramón de
_916964
245 1 0 _aCon Sandino en Nicaragua :
_bla hora de la paz /
_cRamón de Belausteguigoitia ; edición Agustín Alonso y Manuel Mejía.
260 _aManagua, Nicaragua :
_bNueva Nicaragua,
_c1981.
300 _a246 p. ;
_c19 cm.
490 1 _aBiblioteca popular sandinista
_v3
534 _aCon Sandino en Nicaragua
_b1a. edición
_cMadrid: Espasa-Calpe, 1934.
651 4 _aNicaragua
_xHistoria
_y1909-1937
_916797
651 4 _aNicaragua
_xHistoria
_xMovimiento Revolucionario
_y1926-1944
_916965
600 1 4 _aSANDINO, AUGUSTO CÉSAR,
_d1895-1934.
_99713
700 1 _aAlonso, Agustín,
_eed.
_916966
700 1 _aMejía, Manuel,
_eed.
_9723
830 0 _aBiblioteca popular sandinista
_v3
_914389
999 _c5817
_d5817